书目信息 |
| 题名: |
黄河三角洲地区常见海洋生物图集
|
|
| 作者: | 张汉珍 主编 | |
| 分册: | ||
| 出版信息: | 北京 海洋出版社 2018 |
|
| 页数: | 204页 | |
| 开本: | 29cm | |
| 丛书名: | ||
| 单 册: | ||
| 中图分类: | Q178.53-64 | |
| 科图分类: | ||
| 主题词: | ||
| 电子资源: | ||
| ISBN: | 978-7-5210-0113-6 | |
| 000 | 00987nam0 2200265 450 | |
| 001 | 012001003740 | |
| 005 | 20131105141411.0 | |
| 010 | @a978-7-5210-0113-6@dCNY98.00 | |
| 099 | @aCAL 012018108742 | |
| 100 | @a20180725d2018 em y0chiy50 ea | |
| 101 | 0 | @achi |
| 102 | @aCN@b110000 | |
| 105 | @aak z 001yy | |
| 106 | @ar | |
| 200 | 1 | @a黄河三角洲地区常见海洋生物图集@Ahuang he san jiao zhou di qu chang jian hai yang sheng wu tu ji@f张汉珍主编 |
| 210 | @a北京@c海洋出版社@d2018 | |
| 215 | @a204页@c彩图@d29cm | |
| 320 | @a有索引 | |
| 330 | @a本书共调查和拍摄黄河三角洲地区常见物种379种,其中常见耐盐碱植物34种、常见海洋浮游生物119种、常见底栖生物120种和常见游泳动物106种,重点介绍了各常见生物的分类学地位、典型特征和地理分布。 | |
| 333 | @a海洋生物研究人员及相关读者。 | |
| 607 | @a黄河@Ahuang he@x三角洲@x海洋生物@j图集 | |
| 690 | @aQ178.53-64@v5 | |
| 701 | 0 | @a张汉珍@Azhang han zhen@4主编 |
| 801 | 0 | @aCN@b上海新华@c20191020 |
| 905 | @b1206479-82@dQ178.53-64@e279@f4 | |
| 黄河三角洲地区常见海洋生物图集/张汉珍主编.-北京:海洋出版社,2018 |
| 204页:彩图;29cm |
| 使用对象:海洋生物研究人员及相关读者。 |
| ISBN 978-7-5210-0113-6:CNY98.00 |
| 本书共调查和拍摄黄河三角洲地区常见物种379种,其中常见耐盐碱植物34种、常见海洋浮游生物119种、常见底栖生物120种和常见游泳动物106种,重点介绍了各常见生物的分类学地位、典型特征和地理分布。 |
| ● |
| 相关链接 |
|
|
|
|
正题名:黄河三角洲地区常见海洋生物图集
索取号:Q178.53-64/279
 
预约/预借
| 序号 | 登录号 | 条形码 | 馆藏地/架位号 | 状态 | 备注 |
| 1 | 1206479 | 212064790 | 第二样本阅览室/ [索取号:Q178.53-64/279] | 在馆 | |
| 2 | 1206480 | 212064807 | 第三借阅区/ [索取号:Q178.53-64/279] | 在馆 | |
| 3 | 1206481 | 212064816 | 第三借阅区/ [索取号:Q178.53-64/279] | 在馆 | |
| 4 | 1206482 | 212064825 | 第三借阅区/ [索取号:Q178.53-64/279] | 在馆 |